Hỏi đáp về danh thắng ở Hà Nội /
Na minha lista:
| Outros Autores: | , |
|---|---|
| Formato: | Sách giấy |
| Idioma: | Vietnamese |
| Publicado em: |
H. :
Quân đội Nhân dân,
2010.
|
| coleção: | Tủ sách văn hoá
Thăng Long - Hà Nội ngàn năm văn hiến. |
| Assuntos: | |
| Tags: |
Adicionar Tag
Sem tags, seja o primeiro a adicionar uma tag!
|
| Thư viện lưu trữ: | Thư viện Trường Đại học Đà Lạt |
|---|
| LEADER | 01078nam a2200349 4500 | ||
|---|---|---|---|
| 001 | DLU100109759 | ||
| 005 | ##20100714 | ||
| 040 | # | # | |a DLU |b vie |
| 041 | # | # | |a vie |
| 044 | # | # | |a vn |
| 082 | # | # | |a 915.973 1 |b Hoi |
| 245 | # | # | |a Hỏi đáp về danh thắng ở Hà Nội / |c Đậu Xuân Luận, Lê Thị Nga Phương sưu tầm, biên soạn. |
| 260 | # | # | |a H. : |b Quân đội Nhân dân, |c 2010. |
| 300 | # | # | |a 191 tr. ; |c 21 cm. |
| 490 | # | # | |a Tủ sách văn hoá |
| 490 | # | # | |a Thăng Long - Hà Nội ngàn năm văn hiến. |
| 504 | # | # | |a Tài liệu tham khảo: tr. 188. |
| 650 | # | # | |a Danh lam thắng cảnh |z Việt Nam |z Hà Nội. |
| 651 | # | # | |a Hà Nội (Việt Nam) |x Mô tả và du lịch. |
| 700 | # | # | |a Đậu Xuân Luận, |e sưu tầm, biên soạn. |
| 700 | # | # | |a Lê Thị Nga Phương, |e sưu tầm, biên soạn. |
| 923 | # | # | |a 05/2010 |
| 991 | # | # | |a SH |
| 992 | # | # | |a 32000 |
| 994 | # | # | |a DLU |
| 900 | # | # | |a True |
| 911 | # | # | |a Đào Thị Thu Huyền |
| 925 | # | # | |a G |
| 926 | # | # | |a A |
| 927 | # | # | |a SH |
| 980 | # | # | |a Thư viện Trường Đại học Đà Lạt |